000 09058cam a22020174i 4500
001 u154500
003 PE-LiUPU
005 20250813165329.0
008 150918s2013 pe a rb 000 0 spa d
020 _a6123041533
020 _a9786123041533
035 _a(Sirsi) i9786123041533
040 _aPE-LiUPU
_bspa
_cPE-LiUPU
_dPE-LiUPU
_erda
049 _aPRUA
082 0 4 _a657.32
_bP13
082 0 4 _a657
_bP13 2013
100 1 _aPacheco Contreras, Johnny Martin,
_eautor.
245 1 0 _aContabilidad financiera con excel /
_cJohnny Pacheco Contreras.
250 _aPrimera edición.
264 1 _aLima :
_bEmpresa Editora Macro EIRL,
_c2013.
300 _a349 páginas :
_bilustraciones ;
_c25 centímetros.
300 _a1 CD-ROM.
336 _atext
_2rdacontent
337 _aunmediated
_2rdamedia
338 _avolume
_2rdacarrier
490 0 _aCiencias informáticas
504 _aIncluye bibliografía.
505 0 _aFundamentos financieros -- Introducción a estadística descriptiva -- Distribución de frecuencia -- Medidas de posición -- Medidas de dispersión -- Medidas de forma -- Coeficiente de correlatividad -- Introducción a la teoría de probabilidades -- Probabilidad -- Independencia de sucesos -- Valor del dinero en el tiempo -- Comparación y combinación de valores -- Mover flujos de efectivo en el tiempo hacia adelante -- Mover flujos de efectivo en el tiempo hacia atrás -- Interés -- Factores que afectan al costo del dinero -- Tipo de interés -- Interés simple -- Interés compuesto -- Anualidades: determinación del costo de un crédito -- Anualidades de valor futuro -- Anualidades de valor actual -- Amortizaciones -- Sistema francés -- Sistema alemán (amortización constante) -- Sistema americano (amortización al final del servicio de la deuda) -- Amortización de leasing -- Refinanciamiento de deudas -- Programas de amortizacIón de créditos -- Periodo de gracia para capital -- Periodo de gracia para capital e intereses -- Contabilidad gerencial -- La contabilidad y los estados financieros -- Ciclo de la contabilidad -- Ecuación contable -- Efectos de las transacciones en los negocios -- Situación financiera y el estado de resultados -- Balance general -- Estado de resultado -- Fortalezas y debilidades del análisis de EEFF -- Análisis de estados financieros -- Análisis horizontal -- Análisis vertical -- Ratios financieros -- Rentabilidad -- Análisis de estados financieros -- Estado de flujo de efectivo por actividad -- Estructura del estado de flujo de efectivo -- Análisis de flujo de efectivo -- Gerencia financiera -- Costo del capital -- Costo promedio ponderado de capital (CPPC ) -- Costo de oportunidad del accionista -- Presupuestación de capital -- Flujo de caja -- Flujos, tasas de interés e inflación -- Conceptos más usados para medir la rentabilidad -- Evaluación financiera de proyectos de inversión -- Flujo y tasa de descuento -- Tasa de descuento -- VAN (valor actual neto) -- TIR (tasa interna de retorno) -- Flujo de caja operativo -- Flujo -- Flujo de inversiones -- Flujo de caja libre -- Criterios para evaluar inversiones: VAN, TIR y plazo de recuperacIón -- Análisis de proyectos con distinta vida útil -- Análisis de sensibilidad de los proyectos -- Tabla de datos -- Buscar objetivo -- Administrador de escenarios -- Funciones financieras -- Terminología y Símbolos -- Pago -- Pagoprin -- Pago.princ.entre -- Pagoint -- Pago.int.entre -- Nper -- Int.efectivo -- Tasa.nominal -- Tasa -- Tir -- Tir.no.per -- Tirm -- Va -- Vf -- Vna -- Vna.no.per -- Gráficos para representar información financiera -- Crear dos conjuntos de porciones comparando ingresos -- Crear un gráfico que muestre la tendencia de la cuenta por cobrar -- Crear gráficos de barra de medio de cobro y gráfico de línea de objetivo -- Crear gráfico de tendencia cuando no se tiene información en algunos meses -- Gráfico de columnas con banda de indicado -- Crear gráficos usando controles de formularios o validación de datos -- Formas de utilizar los controles de formulario en una hoja de cálculo -- Crear gráfico que muestre deuda por negocio en porcentaje vs. deuda total -- Minigráficos -- Definición de minigráficos -- Ventajas del uso de minigráficos -- Crear un minigráfico -- Crear un minigráfico con los valores de los productos.
526 _aP203
526 _aP200
526 _aSEG65
526 _aSEG64
526 _aSEG63
526 _aSEG62
526 _aSEG61
526 _aSEG60
526 _aSEG59
526 _aSEG58
526 _aSEG57
526 _aSEG56
526 _aSEG55
526 _aSEG54
526 _aSEG53
526 _aSEG52
526 _aSEG51
526 _aSEG50
526 _aSEG49
526 _aSEG48
526 _aSEG47
526 _aSEG46
526 _aSEG24
526 _aSEG23
526 _aSEG22
526 _aSEG21
526 _aSEG20
526 _aSEG19
526 _aSEG18
526 _aSEG17
526 _aSEG16
526 _aSEG14
526 _aSEG13
526 _aSEG12
526 _aSEG11
526 _aSEG10
526 _aSEG09
526 _aSEG06
526 _aSEG05
526 _aSEG04
526 _aSEG03
526 _aSEG02
526 _aSEG68
526 _aSEG66
526 _aSEG45
526 _aSEG25
526 _aSEG01
526 _aP163
526 _aP162
526 _aP161
526 _aP160
526 _aP159
526 _aP158
526 _aP157
526 _aP156
526 _aP155
526 _aP154
526 _aP153
526 _aP152
526 _aP151
526 _aP150
526 _aP149
526 _aP142
526 _aP141
526 _aP140
526 _aP139
526 _aP138
526 _aP137
526 _aP132
526 _aP131
526 _aP130
526 _aP126
526 _aP125
526 _aP124
526 _aP123
526 _aP115
526 _aP122
526 _aP121
526 _aP116
526 _a P114
526 _aP112
526 _aP111
526 _aP104
526 _aP103
526 _aP102
526 _aP101
526 _aP100
526 _aP96
526 _aP95
526 _aP93
526 _aP92
526 _aP91
526 _aP88
526 _aP83
526 _aP82
526 _aP79
526 _aP78
526 _aP75
526 _aP74
526 _aP71
526 _aP69
526 _a P51
526 _aP49
526 _aP48
526 _aP47
526 _aP33
526 _aP31
526 _a P30
526 _aP29
526 _aP27
526 _aP26
526 _aP25
526 _aP24
526 _a P22
526 _aP10
526 _aP09
526 _a P08
526 _aP06
526 _aP05
526 _aP04
526 _aP01
541 _g0001-000645;
541 _g043-0014561;
541 _g048-0005595;
596 _a1 2 3
650 1 4 _aContabilidad financiera.
_94736
650 1 4 _aEstados financieros.
_91111
650 1 4 _aExcel (Programa para computador.
650 1 4 _aInformación financiera.
910 _alalll
_d20170919
910 _ardg
_bjck
_crdg
_d20150918
942 _2ddc
_cBOOK
949 _a657 P13 2013
_wDEWEY
_c1
_iFJ08997
_d2018-4-17
_f2017-12-28
_g1
_lCCODEBUJ1
_mBUJ
_p22.84
_q1
_r0
_sY
_tBOOK
_u2015-11-27
_xFCE
_PP08
_0COMPRA
_o.STAFF. Colección General Juliaca
949 _a657.32 P13 2013
_wDEWEY
_c1
_iFT03155
_d2017-11-22
_e2017-11-19
_lCCODEBUT1
_mBUT
_n1
_p19.00
_r0
_sY
_tBOOK
_u2015-9-18
_xFCE
_PP08
_0COMPRA
_o.STAFF. Colección General
949 _a657.32 P13 2013
_wDEWEY
_c2
_iFT02846
_d2018-4-27
_e2018-4-26
_lCCODEBUT1
_mBUT
_n3
_p19.00
_r0
_sY
_tBOOK
_u2018-3-19
_xFCE
_PP08
_0COMPRA
_o.STAFF. Colección General
949 _a657.32 P13
_wDEWEY
_c1
_i74470
_d2016-10-10
_e2016-10-4
_f2018-2-12
_g3
_lCCODEBUL1
_mBUL
_n1
_p16.28
_r0
_sY
_tBOOK
_u2016-9-12
_xFCE
_PP08
_0COMPRA
_o.STAFF. Colección Ciencias Empresariales
994 _aC0
_bPEPRU
999 _a657.32 P13 2013
_wDEWEY
_c7204
_iFT03155
_d7204
_e2018-9-6
_f2019-2-20
_g1
_lCCODEBUT1
_mBUT
_n2
_p19.00
_r0
_sY
_tBOOK
_u2015-9-18
_xFCE
_PP08
_0COMPRA
_o.STAFF. Colección General
999 _a657.32 P13 2013
_wDEWEY
_c2
_iFT02846
_d2018-4-27
_e2018-4-26
_f2019-2-20
_g1
_lCCODEBUT1
_mBUT
_n3
_p19.00
_r0
_sY
_tBOOK
_u2018-3-19
_xFCE
_PP08
_0COMPRA
_o.STAFF. Colección General
999 _a657 P13 2013
_wDEWEY
_c1
_iFJ08997
_d2019-4-1
_e2018-11-2
_f2022-1-26
_g4
_lCCODEBUJ1
_mBUJ
_n1
_p22.84
_q6
_r0
_sY
_tBOOK
_u2015-11-27
_xFCE
_PP08
_0COMPRA
_o.STAFF. Colección General Juliaca
999 _a657.32 P13
_wDEWEY
_c1
_i74470
_d2018-8-15
_e2018-8-15
_f2021-11-5
_g6
_lCCODEBUL1
_mBUL
_n2
_p16.28
_q1
_r0
_sY
_tBOOK
_u2016-9-12
_xFCE
_zP08
_0COMPRA
_o.STAFF. Colección Ciencias Empresariales
980 _81
_gALBERTO SANCHEZ Responsable de Automatización